Le musée de sculpture comparée du Trocadéro / (Record no. 135895)

MARC details
000 -LEADER
campo de control de longitud fija 01278nam a2200313 4500
001 - NÚMERO DE CONTROL
campo de control 135895
003 - IDENTIFICADOR DE NÚMERO DE CONTROL
campo de control ES-MaACL
005 - FECHA Y HORA DE LA ÚLTIMA TRANSACCIÓN
campo de control 20251114153124.0
007 - CAMPO FIJO DE DESCRIPCIÓN FÍSICA--INFORMACIÓN GENERAL
campo de control de longitud fija t|
008 - DATOS DE LONGITUD FIJA--INFORMACIÓN GENERAL
campo de control de longitud fija 070214s1920 fr r ||||1| fre d
100 1# - ENTRADA PRINCIPAL--NOMBRE DE PERSONA
Nombre de persona Roussel, Jules.
9 (RLIN) 100070
245 13 - MENCIÓN DEL TÍTULO
Título Le musée de sculpture comparée du Trocadéro /
Mención de responsabilidad, etc. Jules Roussel.
260 ## - PUBLICACIÓN, DISTRIBUCIÓN, ETC.
Lugar de publicación, distribución, etc. [Paris?] :
Nombre del editor, distribuidor, etc. Ch. Herissey,
Fecha de publicación, distribución, etc. 1920.
300 ## - DESCRIPCIÓN FÍSICA
Extensión 64 p. :
Otras características físicas il. ;
Dimensiones 17 cm.
490 1# - MENCIÓN DE SERIE
Mención de serie Col. publiques de France memoranda
505 8# - NOTA DE CONTENIDO CON FORMATO
Nota de contenido con formato Contiene: La Galerie Medicis de Rubens au Louvre par Louis Hourtieq. Le musée de Lyon : peintures par Henri Focillon. Les fouquet de Chantilly par Henry Martin. Le musée de Nantes : peintures par Marcel Nicolle. Le musée de Rouen : peintures par Marcel Nicolle
700 1# - ENTRADA AGREGADA--NOMBRE PERSONAL
Nombre de persona Hourtieq, Louis.
9 (RLIN) 64342
700 1# - ENTRADA AGREGADA--NOMBRE PERSONAL
Nombre de persona Focillon, Henri.
9 (RLIN) 205095
700 1# - ENTRADA AGREGADA--NOMBRE PERSONAL
Nombre de persona Martin, Henry,
Fechas asociadas al nombre 1852-1925
9 (RLIN) 77308
700 1# - ENTRADA AGREGADA--NOMBRE PERSONAL
Nombre de persona Nicolle, Marcel.
9 (RLIN) 85600
740 0# - ENTRADA AGREGADA--TÍTULO RELACIONADO/ANALÍTICO NO CONTROLADO
Título relacionado o analítico no controlado La Galerie Medicis de Rubens au Louvre.
740 0# - ENTRADA AGREGADA--TÍTULO RELACIONADO/ANALÍTICO NO CONTROLADO
Título relacionado o analítico no controlado Le musée de Lyon : peintures.
740 0# - ENTRADA AGREGADA--TÍTULO RELACIONADO/ANALÍTICO NO CONTROLADO
Título relacionado o analítico no controlado Les fouquet de Chantilly.
740 0# - ENTRADA AGREGADA--TÍTULO RELACIONADO/ANALÍTICO NO CONTROLADO
Título relacionado o analítico no controlado Le musée de Nantes : peintures.
740 0# - ENTRADA AGREGADA--TÍTULO RELACIONADO/ANALÍTICO NO CONTROLADO
Título relacionado o analítico no controlado Le musée de Rouen : peintures.
830 0# - PUNTO DE ACCESO ADICIONAL DE SERIE-TÍTULO UNIFORME
Título uniforme Col. publiques de France memoranda
9 (RLIN) 219960
852 ## - LOCALIZACIÓN
Ubicación ES-MaACL
Número de control de estantería F-2177
Holdings
Estatus retirado Estado de pérdida Estado de daño No para préstamo Biblioteca de origen Biblioteca actual Ubicación en estantería Fecha de adquisición Fuente de adquisición Total de préstamos Signatura topográfica completa Código de barras Visto por última vez Precio de reemplazo Tipo de ítem Koha
        Biblioteca del Ateneo de Madrid Biblioteca del Ateneo de Madrid Depósito 2 17/01/2008     F-2177 1141437 23/02/2023 23/02/2023 Libro impreso